جمنا تٹ (Record no. 170891)

MARC details
000 -LEADER
fixed length control field 00590nam a22001937a 4500
005 - DATE AND TIME OF LATEST TRANSACTION
control field 20191230114035.0
010 ## - LCCN (DPL NO)
LC control number A-645061
020 ## - INTERNATIONAL STANDARD BOOK NUMBER
Terms of availability 4.00
International Standard Book Number -
035 ## - SYSTEM CONTROL NUMBER
System control number A-645061
037 ## - SOURCE OF ACQUISITION
Source of stock number/acquisition BPPD
082 ## - DEWEY DECIMAL CLASSIFICATION NUMBER
Classification number 840
100 ## - MAIN ENTRY--PERSONAL NAME
Personal name ا يڈ يٹر :کشمير ی لا ل ذ ا کر
245 ## - TITLE STATEMENT
Title جمنا تٹ
Statement of responsibility, etc ا يڈ يٹر :کشمير ی لا ل ذ ا کر
246 ## - VARYING FORM OF TITLE
Title proper/short title Jamuna Tat (Urdu)
Remainder of title by Kashmiri Lal Zakir
260 ## - PUBLICATION, DISTRIBUTION, ETC. (IMPRINT)
Place of publication, distribution, etc -
Date of publication, distribution, etc 1993 ء
Name of publisher, distributor, etc Naqvi
270 ## - ADDRESS
Address 610,Secter 16,Panchkula
City -
Telephone number -
Postal code 134109
300 ## - PHYSICAL DESCRIPTION
Extent 96 ص
Dimensions 22 cm(hb)
942 ## - ADDED ENTRY ELEMENTS (KOHA)
Source of classification or shelving scheme Dewey Decimal Classification
Item type Urdu Bks
Classification part 840
Call number suffix ج م ن
Holdings
Withdrawn status Lost status Not for loan Collection code Home library Current library Date acquired Source of acquisition Cost, normal purchase price Full call number Barcode Copy number Cost, replacement price Koha item type
      Non-fiction Central Library Central Library 30/12/2019 BPPD/Ven. 4.00 840 ج م ن A-645061 1 4.00 Urdu Bks

© Delhi Public Library
Hit Counter
free hit counter